[Event "FIDE World Blitz-ch Women 2018"]
[Site "St. Petersburg"]
[Date "2018.12.29"]
[Round "3.45"]
[White "Tomashevskaya, Lidia"]
[Black "Haussernot, Cecile"]
[Result "0-1"]
[WhiteElo "2123"]
[BlackElo "2196"]
[Annotator "NA"]
[PlyCount "68"]
[EventDate "2018.12.19"]
[EventType "swiss"]
[EventCountry "RUS"]
[SourceTitle "playchess.com"]
[Source "ChessBase"]
[SourceQuality "1"]

1. e4 c5 2. Nc3 Nc6 3. g3 g6 4. Bg2 Bg7 5. d3 e6 6. Be3 d6 7. Qd2 Rb8 8. Nge2 b5 9. O-O b4 10. Nd1 Nge7 11. Bh6 O-O 12. Bxg7 Kxg7 13. f4 f5 14. Ne3 d5 15. exd5 exd5 16. d4 c4 17. c3 Qd6 18. Kh1 Be6 19. Ng1 Ng8 20. Nf3 Nf6 21. Ne5 Rb6 22. N3xc4 dxc4 23. Nxc6 Rxc6 24. Bxc6 Qxc6+ 25. Kg1 Ne4 26. Qc2 Bd5 27. cxb4 Qb6 28. Rfd1 Qxb4 29. b3 c3 30. Qd3 Rc8 31. Re1 c2 32. Rac1 Rc3 33. Qa6 Qxd4+ 34. Kh1 Nxg3# 0-1

[Event "FIDE World Blitz-ch Women 2018"]
[Site "St. Petersburg"]
[Date "2018.12.29"]
[Round "3.46"]
[White "Smirnova, Ekaterina"]
[Black "Shuvalova, Polina"]
[Result "0-1"]
[WhiteElo "2192"]
[BlackElo "2441"]
[Annotator "NA"]
[PlyCount "70"]
[EventDate "2018.12.19"]
[EventType "swiss"]
[EventCountry "RUS"]
[SourceTitle "playchess.com"]
[Source "ChessBase"]
[SourceQuality "1"]

1. d4 Nf6 2. c4 e6 3. Nc3 Bb4 4. a3 Bxc3+ 5. bxc3 O-O 6. e3 c5 7. Bd3 b6 8. Ne2 Nc6 9. e4 Ne8 10. O-O Ba6 11. f4 Nd6 12. f5 exf5 13. exf5 Bxc4 14. f6 Re8 15. Ng3 Bxd3 16. Qxd3 cxd4 17. cxd4 Re6 18. Nh5 Ne8 19. Qg3 Nxd4 20. Ra2 g6 21. Qg5 Rc8 22. Be3 Rc5 23. Qg3 Nf5 24. Rxf5 Rxf5 25. Nf4 Nxf6 26. Nxe6 dxe6 27. Ra1 Rd5 28. Qf3 Rf5 29. Qe2 Nd5 30. h3 Nxe3 31. Qxe3 Qd5 32. Rc1 Kg7 33. Qc3+ Qe5 34. Qc8 a5 35. Qb7 Qe3+ 0-1

[Event "FIDE World Blitz-ch Women 2018"]
[Site "St. Petersburg"]
[Date "2018.12.29"]
[Round "3.47"]
[White "Loskutova, Viktoriya"]
[Black "Vega Gutierrez, Sabrina"]
[Result "0-1"]
[WhiteElo "2105"]
[BlackElo "2390"]
[Annotator "NA"]
[PlyCount "64"]
[EventDate "2018.12.19"]
[EventType "swiss"]
[EventCountry "RUS"]
[SourceTitle "playchess.com"]
[Source "ChessBase"]
[SourceQuality "1"]

1. e4 c5 2. Nf3 Nc6 3. d4 cxd4 4. Nxd4 Nf6 5. Nc3 e5 6. Ndb5 d6 7. Bg5 a6 8. Na3 b5 9. Bxf6 gxf6 10. Nd5 Bg7 11. Bd3 Ne7 12. Nxe7 Qxe7 13. O-O O-O 14. c3 f5 15. exf5 e4 16. Qe2 d5 17. Bb1 Bxf5 18. Nc2 Bg6 19. a4 bxa4 20. Rxa4 a5 21. Ne3 Qd7 22. Bc2 Rfb8 23. Rb1 f5 24. Qd1 Bf7 25. Nc4 f4 26. Nxa5 Qb5 27. b4 Bxc3 28. Bb3 Rd8 29. Ra2 Kh8 30. Rc1 Be5 31. Rc5 Qxb4 32. Qc2 Qe1# 0-1

[Event "FIDE World Blitz-ch Women 2018"]
[Site "St. Petersburg"]
[Date "2018.12.29"]
[Round "3.48"]
[White "Romanovskaya, Anna"]
[Black "Maltsevskaya, Aleksandra"]
[Result "0-1"]
[WhiteElo "2210"]
[BlackElo "2243"]
[Annotator "NA"]
[PlyCount "118"]
[EventDate "2018.12.19"]
[EventType "swiss"]
[EventCountry "RUS"]
[SourceTitle "playchess.com"]
[Source "ChessBase"]
[SourceQuality "1"]

1. e4 c5 2. Nc3 Nc6 3. Bb5 Nd4 4. Bc4 e6 5. Nf3 Ne7 6. Nxd4 cxd4 7. Ne2 Nc6 8. d3 g6 9. O-O Bg7 10. f4 O-O 11. Bb3 f5 12. Kh1 Kh8 13. Ng1 b6 14. Nf3 Bb7 15. Bd2 Rc8 16. Qe1 Ne7 17. e5 Nd5 18. Nxd4 a6 19. Qf2 Re8 20. c3 d6 21. Rae1 dxe5 22. fxe5 b5 23. Qg3 Nc7 24. Bg5 Qd7 25. Qh4 Bd5 26. Re3 Bxb3 27. axb3 Nd5 28. Re2 b4 29. c4 Ne7 30. Bf6 Nc6 31. Bxg7+ Qxg7 32. Nxc6 Rxc6 33. d4 g5 34. Qf2 Rc7 35. Rd1 g4 36. d5 Qh6 37. d6 Rg7 38. g3 Rf8 39. d7 Rd8 40. c5 Rgxd7 41. Rxd7 Rxd7 42. Re1 Qf8 43. c6 Rc7 44. Qg2 Qd8 45. Rc1 Kg7 46. Qe2 Qd5+ 47. Qg2 Qxe5 48. Rd1 Kf6 49. h3 gxh3 50. Qxh3 Qe4+ 51. Qg2 Qxg2+ 52. Kxg2 Rxc6 53. Rd2 h5 54. Kf3 Kg5 55. Rd4 a5 56. Rc4 Rxc4 57. bxc4 Kf6 58. Ke3 e5 59. Kd3 Ke6 0-1

[Event "FIDE World Blitz-ch Women 2018"]
[Site "St. Petersburg"]
[Date "2018.12.29"]
[Round "3.49"]
[White "Injac, Teodora"]
[Black "Munkhzul, Turmunkh"]
[Result "0-1"]
[WhiteElo "2325"]
[BlackElo "2255"]
[Annotator "NA"]
[PlyCount "70"]
[EventDate "2018.12.19"]
[EventType "swiss"]
[EventCountry "RUS"]
[SourceTitle "playchess.com"]
[Source "ChessBase"]
[SourceQuality "1"]

1. Nf3 Nf6 2. c4 g6 3. Nc3 Bg7 4. e4 d6 5. d4 O-O 6. Be2 e5 7. O-O Nc6 8. Be3 Ng4 9. Bg5 f6 10. Bc1 f5 11. d5 Ne7 12. Ng5 Nf6 13. exf5 Nxf5 14. Nge4 Nd4 15. Bg5 Bf5 16. Bd3 Qd7 17. Qd2 Rf7 18. Rae1 Raf8 19. f3 Bxe4 20. Nxe4 Nxe4 21. Bxe4 b6 22. h4 Nf5 23. Kh2 Bf6 24. h5 gxh5 25. Bxf6 Rxf6 26. Qg5+ Rg6 27. Qd2 Rg7 28. f4 Ng3 29. Rf3 Qg4 30. Bb1 exf4 31. Kg1 Nf5 32. Kf2 Nh4 33. Kf1 Nxf3 34. gxf3 Qxf3+ 35. Qf2 Qh3+ 0-1

[Event "FIDE World Blitz-ch Women 2018"]
[Site "St. Petersburg"]
[Date "2018.12.29"]
[Round "3.50"]
[White "Iljushina, Olga"]
[Black "Mkrtchian, Lilit"]
[Result "0-1"]
[WhiteElo "2259"]
[BlackElo "2392"]
[Annotator "NA"]
[PlyCount "98"]
[EventDate "2018.12.19"]
[EventType "swiss"]
[EventCountry "RUS"]
[SourceTitle "playchess.com"]
[Source "ChessBase"]
[SourceQuality "1"]

1. d4 Nf6 2. c4 e6 3. Nc3 Bb4 4. e3 O-O 5. Bd3 c5 6. Nf3 b6 7. O-O Bxc3 8. bxc3 Bb7 9. a4 Ne4 10. Qc2 f5 11. a5 bxa5 12. Ba3 d6 13. Rfd1 Nd7 14. Ne1 Qg5 15. f4 Qh5 16. Be2 Qh4 17. Bf3 Ndf6 18. Rab1 Bc6 19. g3 Qh3 20. Bg2 Qh5 21. Bf3 Qh3 22. Bg2 Qh6 23. Nf3 Ng4 24. d5 Nxe3 25. Qd3 Nxd1 26. dxc6 Ndxc3 27. Rb7 Qf6 28. Bb2 Rab8 29. Ng5 Qd4+ 30. Qxd4 cxd4 31. Nxe6 Rxb7 32. cxb7 Rb8 33. Nxd4 Nd1 34. Ba1 Rxb7 35. Nxf5 Rb1 36. Bxe4 Rxa1 37. Kg2 Nc3 38. Bc6 a4 39. Nxd6 a3 40. c5 a2 41. Nb5 Rc1 42. Nxc3 Rxc3 43. Bd5+ Kf8 44. Bxa2 Rc2+ 45. Kf3 Rxa2 46. Ke4 Rc2 47. Kd5 Ke7 48. Kc6 a5 49. Kb5 a4 0-1

[Event "FIDE World Blitz-ch Women 2018"]
[Site "St. Petersburg"]
[Date "2018.12.29"]
[Round "3.51"]
[White "Charochkina, Daria"]
[Black "Stetsko, Lanita"]
[Result "1-0"]
[WhiteElo "2344"]
[BlackElo "2194"]
[Annotator "NA"]
[PlyCount "55"]
[EventDate "2018.12.19"]
[EventType "swiss"]
[EventCountry "RUS"]
[SourceTitle "playchess.com"]
[Source "ChessBase"]
[SourceQuality "1"]

1. d4 Nf6 2. c4 e6 3. Nc3 Bb4 4. Qc2 b6 5. e4 c5 6. d5 Qe7 7. Nge2 O-O 8. Bd2 exd5 9. exd5 d6 10. f3 Qe5 11. Bf4 Qe7 12. O-O-O Nbd7 13. Ng3 Ne5 14. Kb1 Ng6 15. Bd2 Ne5 16. Be2 a6 17. Rhe1 Qc7 18. a3 Bxc3 19. Bxc3 b5 20. f4 Nxc4 21. Bxc4 bxc4 22. Bxf6 gxf6 23. Nh5 Qd8 24. Qc3 Bf5+ 25. Ka1 Bg6 26. Nxf6+ Kh8 27. Re3 Rb8 28. Nxh7+ 1-0

[Event "FIDE World Blitz-ch Women 2018"]
[Site "St. Petersburg"]
[Date "2018.12.29"]
[Round "3.52"]
[White "Sviridova, Vlada"]
[Black "Fominykh, Maria"]
[Result "0-1"]
[WhiteElo "2144"]
[BlackElo "2259"]
[Annotator "NA"]
[PlyCount "88"]
[EventDate "2018.12.19"]
[EventType "swiss"]
[EventCountry "RUS"]
[SourceTitle "playchess.com"]
[Source "ChessBase"]
[SourceQuality "1"]

1. d4 d6 2. Nf3 g6 3. c4 Bg7 4. Nc3 Nf6 5. e4 O-O 6. Be2 e5 7. O-O Nc6 8. d5 Ne7 9. b4 a5 10. Ba3 Nh5 11. Re1 f5 12. bxa5 Nf6 13. Nd2 fxe4 14. Ndxe4 Nf5 15. c5 Rf7 16. cxd6 cxd6 17. Ng5 Qxa5 18. Bb2 Rc7 19. Nb5 Rc5 20. a4 h6 21. Ne6 Rxd5 22. Qb3 Bxe6 23. Bc4 Rc8 24. Bxd5 Bxd5 25. Qd1 Qb6 26. Ba3 Bf8 27. Rc1 Rxc1 28. Qxc1 Ng4 29. Qd2 Bf7 30. h3 Nf6 31. g4 Nh4 32. Qe3 Qc6 33. Qg3 Nf3+ 34. Kf1 Qc4+ 35. Re2 Qb3 36. Kg2 Bd5 37. Rb2 Qd3 38. Bb4 Nd2+ 39. Kh2 Nf1+ 40. Kg1 Nxg3 41. fxg3 Qxg3+ 42. Kf1 Bc4+ 43. Re2 Qf3+ 44. Kg1 Bxe2 0-1

[Event "FIDE World Blitz-ch Women 2018"]
[Site "St. Petersburg"]
[Date "2018.12.29"]
[Round "3.53"]
[White "Tevzadze, Mariam"]
[Black "Tomilova, Elena"]
[Result "0-1"]
[WhiteElo "1967"]
[BlackElo "2338"]
[Annotator "NA"]
[PlyCount "108"]
[EventDate "2018.12.19"]
[EventType "swiss"]
[EventCountry "RUS"]
[SourceTitle "playchess.com"]
[Source "ChessBase"]
[SourceQuality "1"]

1. d4 d5 2. Nf3 Nf6 3. Bf4 c5 4. e3 Nc6 5. c3 Qb6 6. Qb3 c4 7. Qxb6 axb6 8. Na3 Bf5 9. Nb5 Kd7 10. Ne5+ Nxe5 11. dxe5 Nh5 12. Nd4 Bg6 13. g4 Nxf4 14. exf4 h5 15. f5 Bh7 16. g5 e6 17. g6 Bg8 18. gxf7 Bxf7 19. Bh3 exf5 20. Bxf5+ Kc7 21. f4 Bc5 22. Nf3 g6 23. Bc2 Be3 24. Ng5 Rhf8 25. Rf1 Bg8 26. Nh3 Be6 27. Ng5 Bf5 28. Bxf5 Rxf5 29. Nh3 Raf8 30. Ke2 Bxf4 31. Nxf4 Rxf4 32. Rxf4 Rxf4 33. Rg1 Rh4 34. Rg2 Kd7 35. Ke3 b5 36. a3 g5 37. Rxg5 Rxh2 38. Kd4 Rxb2 39. Rg7+ Ke6 40. Rg6+ Kf7 41. Rf6+ Ke7 42. Rh6 Rd2+ 43. Kc5 Rd3 44. Kb4 Rh3 45. Kxb5 Rxc3 46. Kc5 Rxa3 47. Kxd5 c3 48. Rh7+ Kd8 49. Rh8+ Kc7 50. Rh7+ Kb6 51. Rxh5 c2 52. Rh1 Rd3+ 53. Ke4 Rd1 54. Rh6+ Ka7 0-1

[Event "FIDE World Blitz-ch Women 2018"]
[Site "St. Petersburg"]
[Date "2018.12.29"]
[Round "3.54"]
[White "Semenova, Elena"]
[Black "Guseva, Marina"]
[Result "1-0"]
[WhiteElo "2260"]
[BlackElo "2408"]
[Annotator "NA"]
[PlyCount "33"]
[EventDate "2018.12.19"]
[EventType "swiss"]
[EventCountry "RUS"]
[SourceTitle "playchess.com"]
[Source "ChessBase"]
[SourceQuality "1"]

1. e4 c6 2. d4 d5 3. Nc3 dxe4 4. Nxe4 Bf5 5. Ng3 Bg6 6. h4 h6 7. f4 e6 8. Nf3 Nf6 9. h5 Bh7 10. Bd3 Nbd7 11. Bxh7 Nxh7 12. Qd3 Nhf6 13. Bd2 Qc7 14. Ne5 Nxe5 15. fxe5 O-O-O 16. exf6 Qxg3+ 17. Qxg3 1-0

[Event "FIDE World Blitz-ch Women 2018"]
[Site "St. Petersburg"]
[Date "2018.12.29"]
[Round "3.55"]
[White "Makarenko, Alexandra"]
[Black "Gromova, Iulia"]
[Result "0-1"]
[WhiteElo "2228"]
[BlackElo "2241"]
[Annotator "NA"]
[PlyCount "96"]
[EventDate "2018.12.19"]
[EventType "swiss"]
[EventCountry "RUS"]
[SourceTitle "playchess.com"]
[Source "ChessBase"]
[SourceQuality "1"]

1. e4 c6 2. c4 d5 3. exd5 cxd5 4. cxd5 Nf6 5. Nc3 Nxd5 6. d4 Nc6 7. Nf3 Bg4 8. Qb3 Bxf3 9. gxf3 Nb6 10. Be3 e6 11. O-O-O Rc8 12. Kb1 Be7 13. d5 exd5 14. Nxd5 Nxd5 15. Rxd5 Qc7 16. Bh3 Rd8 17. Rxd8+ Bxd8 18. Bc5 Be7 19. Re1 O-O 20. Bxe7 Nxe7 21. Qe3 Qxh2 22. Qxe7 Qxh3 23. Qxb7 Qf5+ 24. Ka1 Qc5 25. a3 Qxf2 26. Re7 Qf1+ 27. Ka2 Qc4+ 28. Qb3 Qc5 29. Qe3 Qxe3 30. Rxe3 g6 31. Re7 Ra8 32. b4 Kg7 33. Kb3 Kf6 34. Rc7 h5 35. a4 h4 36. Rc4 g5 37. f4 Kg6 38. fxg5 Kxg5 39. b5 f5 40. a5 f4 41. b6 axb6 42. axb6 Rb8 43. Rc6 h3 44. Ka4 h2 45. Rc1 Kg4 46. Rh1 Kg3 47. Ka5 Kg2 48. Rc1 h1=Q 0-1

[Event "FIDE World Blitz-ch Women 2018"]
[Site "St. Petersburg"]
[Date "2018.12.29"]
[Round "3.56"]
[White "Doan, Thi Van Anh"]
[Black "Gritsayeva, Oksana"]
[Result "1-0"]
[WhiteElo "1950"]
[BlackElo "2378"]
[Annotator "NA"]
[PlyCount "121"]
[EventDate "2018.12.19"]
[EventType "swiss"]
[EventCountry "RUS"]
[SourceTitle "playchess.com"]
[Source "ChessBase"]
[SourceQuality "1"]

1. d4 Nf6 2. Nf3 e6 3. c4 c5 4. d5 exd5 5. cxd5 d6 6. Nc3 g6 7. e4 Bg7 8. Bd3 O-O 9. h3 Na6 10. O-O Nc7 11. Bf4 a6 12. a4 Rb8 13. a5 b5 14. axb6 Rxb6 15. Qe2 Re8 16. Qd2 Nb5 17. Rfe1 Nxc3 18. bxc3 Nd7 19. Rab1 Ne5 20. Nxe5 Bxe5 21. Bxe5 Rxe5 22. c4 Rxb1 23. Rxb1 Qc7 24. Rb3 Re8 25. f3 Qe7 26. Qb2 Qh4 27. Rb6 Qg3 28. Rb8 f5 29. Qf2 Qxf2+ 30. Kxf2 fxe4 31. Bxe4 Kf8 32. h4 Ke7 33. h5 gxh5 34. Bxh7 Bd7 35. Rb7 Rd8 36. Ra7 Kf6 37. Rxa6 Ke5 38. Ke3 Rb8 39. f4+ Kf6 40. Rxd6+ Ke7 41. Ra6 Rb2 42. Ra7 Kd6 43. Ra6+ Kc7 44. Be4 Bg4 45. d6+ Kd7 46. Bc6+ Kxd6 47. Bf3+ Kc7 48. Rc6+ Kd7 49. Rxc5 Bxf3 50. Kxf3 Kd6 51. Rxh5 Rb3+ 52. Kg4 Rb2 53. g3 Rc2 54. c5+ Ke6 55. Re5+ Kf6 56. Rd5 Ke6 57. Rd6+ Ke7 58. Rd5 Ke6 59. Rh5 Rc3 60. Rh6+ Kd5 61. c6 1-0

[Event "FIDE World Blitz-ch Women 2018"]
[Site "St. Petersburg"]
[Date "2018.12.29"]
[Round "3.57"]
[White "Belova, Olga"]
[Black "Nebolsina, Vera"]
[Result "0-1"]
[WhiteElo "2069"]
[BlackElo "2242"]
[Annotator "NA"]
[PlyCount "77"]
[EventDate "2018.12.19"]
[EventType "swiss"]
[EventCountry "RUS"]
[SourceTitle "playchess.com"]
[Source "ChessBase"]
[SourceQuality "1"]

1. e4 c5 2. Nf3 d6 3. d4 cxd4 4. Nxd4 Nf6 5. Nc3 a6 6. Be2 e5 7. Nb3 Be7 8. Qd3 O-O 9. Bg5 Be6 10. O-O Nbd7 11. Rad1 Rc8 12. Bxf6 Nxf6 13. Nd5 Bxd5 14. exd5 Qd7 15. c4 Bd8 16. Qe3 Ng4 17. Bxg4 Qxg4 18. c5 Bg5 19. Qc3 dxc5 20. Qxe5 Bf4 21. Qc3 Rfe8 22. d6 Rcd8 23. Nxc5 Rxd6 24. Rxd6 Bxd6 25. Nxb7 Bb8 26. g3 h5 27. Qc6 Qe2 28. Nd6 Rd8 29. Nf5 Qxb2 30. Ne7+ Kh8 31. Nf5 g6 32. Nh4 Kg7 33. Qxa6 Qe5 34. Qb7 Qf6 35. Qg2 Rd2 36. a4 Ra2 37. Qe4 Ba7 38. Qg2 Rxa4 39. Qf3 0-1

[Event "FIDE World Blitz-ch Women 2018"]
[Site "St. Petersburg"]
[Date "2018.12.29"]
[Round "3.58"]
[White "Komiagina, Maria"]
[Black "Kabanova, Ekaterina"]
[Result "0-1"]
[WhiteElo "2234"]
[BlackElo "2095"]
[Annotator "NA"]
[PlyCount "86"]
[EventDate "2018.12.19"]
[EventType "swiss"]
[EventCountry "RUS"]
[SourceTitle "playchess.com"]
[Source "ChessBase"]
[SourceQuality "1"]

1. e4 c5 2. Nf3 e6 3. d4 cxd4 4. Nxd4 a6 5. Nc3 Qc7 6. Bd3 b5 7. O-O Bb7 8. Bg5 Nf6 9. Re1 d6 10. a3 Be7 11. Bxf6 Bxf6 12. Bxb5+ axb5 13. Ndxb5 Qc6 14. Nxd6+ Kf8 15. Nxb7 Qxb7 16. e5 Be7 17. b4 Nd7 18. f4 g6 19. Ne4 Kg7 20. c4 Rhd8 21. Qf3 Qa7+ 22. Kh1 Qd4 23. c5 h6 24. Rad1 Qb2 25. Nd6 Rxa3 26. Qb7 Ra2 27. Rg1 Ra4 28. b5 Rb4 29. c6 Bxd6 30. Rxd6 Nc5 31. Qe7 Ne4 32. h3 Rxd6 33. exd6 Qd4 34. d7 Nf2+ 35. Kh2 Qxf4+ 36. g3 Qd2 37. Rg2 Rb1 38. g4 Qf4+ 39. Rg3 Rh1+ 40. Kg2 Nd3 41. Rxd3 Qf1+ 42. Kg3 Qe1+ 43. Kf3 Rf1+ 0-1

[Event "FIDE World Blitz-ch Women 2018"]
[Site "St. Petersburg"]
[Date "2018.12.29"]
[Round "3.59"]
[White "Kirchei, Viktoriia"]
[Black "Gvanceladze, Anna"]
[Result "1/2-1/2"]
[WhiteElo "1972"]
[BlackElo "2264"]
[Annotator "NA"]
[PlyCount "143"]
[EventDate "2018.12.19"]
[EventType "swiss"]
[EventCountry "RUS"]
[SourceTitle "playchess.com"]
[Source "ChessBase"]
[SourceQuality "1"]

1. d3 d5 2. g3 c6 3. Bg2 Nf6 4. Nd2 g6 5. e3 Bg7 6. Ne2 O-O 7. O-O Nbd7 8. h3 e5 9. f4 Re8 10. f5 Qb6 11. Nb3 a5 12. fxg6 hxg6 13. a4 e4 14. d4 Nf8 15. Nc5 Ne6 16. Nxe6 Bxe6 17. Nf4 Bd7 18. b3 Qc7 19. Bd2 g5 20. Nh5 Nxh5 21. Qxh5 f6 22. Kh2 Re7 23. Rf2 Be8 24. Qe2 Bg6 25. Raf1 Rf8 26. b4 b6 27. bxa5 bxa5 28. c4 Bf7 29. c5 Kh7 30. Qg4 Qd7 31. Qxd7 Rxd7 32. Bxa5 Ra7 33. Bb6 Rxa4 34. Bc7 Ra3 35. Bd6 Rfa8 36. Be7 Rxe3 37. Bxf6 Bg6 38. Bxg5 Rd3 39. Bf6 Raa3 40. Bxg7 Kxg7 41. Rf6 Rxd4 42. Rxc6 Ra2 43. Rc7+ Kh6 44. Rc6 Rdd2 45. Rg1 e3 46. g4 Rac2 47. Kh1 d4 48. g5+ Kg7 49. Rc7+ Kg8 50. Rc6 Kf7 51. Rf6+ Kg7 52. c6 Be4 53. c7 Bxg2+ 54. Rxg2 Rxg2 55. c8=Q Rxc8 56. Kxg2 Rc2+ 57. Kf1 Rd2 58. Rd6 d3 59. Ke1 Re2+ 60. Kd1 Rd2+ 61. Ke1 Kf7 62. g6+ Kg7 63. h4 Kh6 64. Re6 Re2+ 65. Kd1 Kg7 66. Rd6 Rd2+ 67. Ke1 Re2+ 68. Kd1 Rh2 69. Rxd3 e2+ 70. Ke1 Kxg6 71. Re3 Rxh4 72. Rxe2 1/2-1/2

[Event "FIDE World Blitz-ch Women 2018"]
[Site "St. Petersburg"]
[Date "2018.12.29"]
[Round "3.60"]
[White "Bogumil, Tatiana"]
[Black "Bulatova, Kamaliya"]
[Result "1-0"]
[WhiteElo "2114"]
[BlackElo "2007"]
[Annotator "NA"]
[PlyCount "49"]
[EventDate "2018.12.19"]
[EventType "swiss"]
[EventCountry "RUS"]
[SourceTitle "playchess.com"]
[Source "ChessBase"]
[SourceQuality "1"]

1. Nf3 Nf6 2. c4 e6 3. b3 d5 4. Bb2 c5 5. g3 Nc6 6. cxd5 exd5 7. d4 cxd4 8. Bg2 Bb4+ 9. Kf1 O-O 10. Nxd4 Ne4 11. Nxc6 bxc6 12. Bxe4 dxe4 13. Kg2 Bf5 14. a3 Bc5 15. b4 Bb6 16. Qxd8 Raxd8 17. Rc1 e3 18. f4 Be4+ 19. Kf1 Bd5 20. Nc3 Bb3 21. Ne4 f5 22. Ng5 Rd2 23. Be5 Bd5 24. Bc3 h6 25. Ke1 1-0

[Event "FIDE World Blitz-ch Women 2018"]
[Site "St. Petersburg"]
[Date "2018.12.29"]
[Round "3.61"]
[White "Yurasova, Daria"]
[Black "Belenkaya, Dina"]
[Result "0-1"]
[WhiteElo "2190"]
[BlackElo "2338"]
[Annotator "NA"]
[PlyCount "114"]
[EventDate "2018.12.19"]
[EventType "swiss"]
[EventCountry "RUS"]
[SourceTitle "playchess.com"]
[Source "ChessBase"]
[SourceQuality "1"]

1. d4 d5 2. Nf3 Nf6 3. c4 dxc4 4. g3 c5 5. Bg2 cxd4 6. Qxd4 Qxd4 7. Nxd4 e6 8. O-O Bc5 9. Nb5 Na6 10. N1a3 c3 11. bxc3 Ke7 12. Bf4 Nd5 13. Be5 f6 14. Bd4 Bxd4 15. cxd4 Bd7 16. e4 Ndb4 17. d5 Rhc8 18. d6+ Kf7 19. e5 fxe5 20. Bxb7 Rab8 21. Bxc8 Bxc8 22. Nc7 Nc5 23. Nc4 Nbd3 24. Na5 Rb2 25. Nc6 Bd7 26. Nd8+ Kf6 27. Rab1 Rxa2 28. Nb7 Ne4 29. Rb3 Rd2 30. f3 Nef2 31. Rxf2 Nxf2 32. Nc5 Nh3+ 33. Kf1 Bc6 34. Rd3 Rxd3 35. Nxd3 Bxf3 36. Ne8+ Kf7 37. Nc7 Bd5 38. Nxe5+ Kf8 39. Nd7+ Kg8 40. Nc5 Ng5 41. d7 Nf7 42. Ne8 Bc6 43. Nd6 Bxd7 44. Nxd7 Nxd6 45. Nc5 e5 46. Ke2 Kf7 47. Ke3 Kf6 48. Nd7+ Ke6 49. Nf8+ Kf5 50. Nxh7 a5 51. Nf8 a4 52. Nd7 a3 53. Nc5 a2 54. Nb3 e4 55. h3 Ke5 56. g4 Nc4+ 57. Ke2 Kf4 0-1

[Event "FIDE World Blitz-ch Women 2018"]
[Site "St. Petersburg"]
[Date "2018.12.29"]
[Round "4.1"]
[White "Lagno, Kateryna"]
[Black "Ushenina, Anna"]
[Result "1-0"]
[WhiteElo "2560"]
[BlackElo "2440"]
[Annotator "ChessBase"]
[PlyCount "93"]
[EventDate "2018.12.19"]
[EventType "swiss"]
[EventCountry "RUS"]
[SourceTitle "playchess.com"]
[Source "ChessBase"]
[SourceQuality "1"]

1. e4 c5 2. Nf3 Nc6 3. Bb5 g6 4. O-O Bg7 5. Bxc6 dxc6 6. d3 b6 7. h3 Nf6 8. Nc3 Nd7 9. Be3 e5 10. Qd2 h6 11. a3 a5 12. Nh2 Nf8 13. f4 exf4 14. Bxf4 Ne6 15. Be3 h5 16. Nf3 Nd4 17. Bg5 Nxf3+ 18. Rxf3 Qd4+ 19. Be3 Qe5 20. Raf1 Be6 21. Bg5 c4 22. Bf6 Bxf6 23. Rxf6 cxd3 24. Qxd3 Rd8 25. Qe2 Qd4+ 26. R1f2 Qe5 27. Qe3 b5 28. Qb6 Rc8 29. Qxa5 O-O 30. Qb6 Rfd8 31. Qe3 Kg7 32. Qf4 Qxf4 33. R6xf4 Rd4 34. e5 Rcd8 35. Rxd4 Rxd4 36. Re2 g5 37. Kf2 Kg6 38. Ke3 Rc4 39. Rf2 h4 40. Ne4 Bd5 41. Nd6 Rc5 42. Kd4 Rc4+ 43. Nxc4 Bxc4 44. b3 Bd5 45. a4 bxa4 46. bxa4 Kh5 47. c4 1-0

[Event "FIDE World Blitz-ch Women 2018"]
[Site "St. Petersburg"]
[Date "2018.12.29"]
[Round "4.2"]
[White "Muzychuk, Mariya"]
[Black "Ju, Wenjun"]
[Result "0-1"]
[WhiteElo "2540"]
[BlackElo "2575"]
[Annotator "ChessBase"]
[PlyCount "76"]
[EventDate "2018.12.19"]
[EventType "swiss"]
[EventCountry "RUS"]
[SourceTitle "playchess.com"]
[Source "ChessBase"]
[SourceQuality "1"]

1. e4 e5 2. Nf3 Nf6 3. Nxe5 d6 4. Nf3 Nxe4 5. d4 d5 6. Bd3 Bf5 7. O-O Be7 8. Re1 O-O 9. Nbd2 Nd6 10. Nf1 Nd7 11. Ng3 Bxd3 12. Qxd3 Re8 13. Bf4 c6 14. Re2 Bf8 15. Rxe8 Nxe8 16. Re1 Ndf6 17. Ne5 Qa5 18. c3 Qxa2 19. Nf5 Qxb2 20. Qg3 g6 21. Bh6 Qc2 22. Bxf8 Qxf5 23. Bh6 a5 24. Qe3 a4 25. Nxf7 Ng4 26. Qe2 a3 27. Ng5 Nxh6 28. Qe7 Ng7 29. Qxb7 Rf8 30. Nf3 a2 31. Ra1 Qc2 32. h4 Ng4 33. Qxc6 Qxf2+ 34. Kh1 Rxf3 35. Qc8+ Rf8 36. Qxg4 Qf1+ 37. Rxf1 Rxf1+ 38. Kh2 a1=Q 0-1

[Event "FIDE World Blitz-ch Women 2018"]
[Site "St. Petersburg"]
[Date "2018.12.29"]
[Round "4.3"]
[White "Koneru, Humpy"]
[Black "Mammadova, Gulnar"]
[Result "1-0"]
[WhiteElo "2541"]
[BlackElo "2368"]
[Annotator "ChessBase"]
[PlyCount "115"]
[EventDate "2018.12.19"]
[EventType "swiss"]
[EventCountry "RUS"]
[SourceTitle "playchess.com"]
[Source "ChessBase"]
[SourceQuality "1"]

1. d4 e6 2. c4 f5 3. Nf3 Nf6 4. g3 g6 5. Bg2 Bg7 6. O-O O-O 7. b3 d6 8. Bb2 Qe8 9. Nc3 c6 10. Qc2 e5 11. dxe5 dxe5 12. Ba3 Rf7 13. Rad1 h6 14. Nxe5 Qxe5 15. Rd8+ Kh7 16. Rxc8 Qe6 17. Rd8 Nfd7 18. Na4 Bf6 19. Rc8 Kg7 20. Rc7 Nb6 21. Rxf7+ Qxf7 22. Nc5 a5 23. Rd1 a4 24. Nxa4 Nxa4 25. bxa4 Nd7 26. c5 Ne5 27. Bb4 Re8 28. e3 h5 29. h4 Ng4 30. Rd6 Be5 31. Bc3 Kh7 32. Qd3 Bxd6 33. cxd6 Rd8 34. Bb4 Rd7 35. Qc2 Qe6 36. e4 fxe4 37. Bxe4 Rf7 38. f3 Ne5 39. Kg2 Nd7 40. a5 c5 41. Bc3 Qxd6 42. Bxb7 Ne5 43. a6 Nc4 44. Qe2 Nb6 45. Be4 Nd5 46. Ba1 Nb4 47. Qb2 Qf8 48. Bb7 Nd3 49. Qc3 Nb4 50. a3 Nxa6 51. Bxa6 Rd7 52. Bd3 Rd4 53. Be4 Rd6 54. Kh3 Qc8+ 55. Kg2 Qf8 56. a4 Re6 57. a5 Qe8 58. Qg7# 1-0

[Event "FIDE World Blitz-ch Women 2018"]
[Site "St. Petersburg"]
[Date "2018.12.29"]
[Round "4.4"]
[White "Bodnaruk, Anastasia"]
[Black "Harika, Dronavalli"]
[Result "1-0"]
[WhiteElo "2420"]
[BlackElo "2494"]
[Annotator "ChessBase"]
[PlyCount "82"]
[EventDate "2018.12.19"]
[EventType "swiss"]
[EventCountry "RUS"]
[SourceTitle "playchess.com"]
[Source "ChessBase"]
[SourceQuality "1"]

1. e4 e6 2. d4 d5 3. Nc3 Bb4 4. e5 c5 5. a3 Bxc3+ 6. bxc3 Qc7 7. Nf3 b6 8. h4 h6 9. a4 Nc6 10. h5 Nge7 11. Rh4 Na5 12. Rf4 Bd7 13. Bd3 Nc4 14. Rg4 cxd4 15. cxd4 Nf5 16. Bxf5 exf5 17. Rxg7 Be6 18. Kf1 O-O-O 19. Nd2 Rdg8 20. Rxg8+ Rxg8 21. Nb3 Qe7 22. g3 f4 23. Bxf4 Bh3+ 24. Kg1 Qe6 25. a5 Qf5 26. Qf3 Bg4 27. Qxd5 Qxh5 28. Qxc4+ Kd7 29. Qd5+ Ke8 30. Nd2 Kf8 31. axb6 Be6 32. Qd8+ Kg7 33. Qf6+ Kh7 34. bxa7 Bd5 35. f3 Qh3 36. Kf2 Qh2+ 37. Ke3 Rxg3 38. Bxg3 Qxg3 39. Qf5+ Kg7 40. a8=Q Bxa8 41. Rxa8 Qe1+ 1-0